000 00685nam a22002177a 4500
005 20170124110115.0
010 _a984093
020 _c00.00
035 _a984093
037 _bCen Lib/ Ret
040 _aDPL
_bEN
082 _a899.1551
_bPER
245 _aPersian ghazals of Ghalib /
_ctranslated by Yusuf Hussain
260 _aNew Delhi
_bGhalib Institute
_c1980
270 _bNew Delhi
300 _avarious pagings
_c21cm(Hb)
650 _aGhalib, Mirza Asadullah Khan, -- 1797-1869
_929822
650 _aGhalib, Mirza Asadullah Khan, -- 1797-1869 -- Translations into English
_929823
700 _aYusuf Husain
_929824
942 _2ddc
_cEN
_h899.1551
_mPER
999 _c130676
_d130676